Olivia Rodrigo - Drop Dead Quiz - Statistics

General Stats
  • This quiz has been taken 89 times
    17 since last reset
  • The average score is 6 of 8
Answer Stats
Question Answer % Correct
What day did "drop dead" first release? April 17, 2026
100%
Where was the "drop dead" music video filmed? The Palace of Versailles
100%
What object is featured on the cover of "drop dead"? Chewing gum
92%
Finish the lyrics "you all the words to ____________" "Just Like Heaven"
92%
"drop dead" is the first single of what album? you seem pretty sad for a girl so in love
92%
Who did Olivia Rodrigo perform "drop dead" with at Coachella? Addison Rae
75%
Where did Olivia perform "drop dead" on May 2, 2026? SNL
67%
What music streaming platform is the "drop dead" acoustic version available on? iTunes
17%
No matching quizzes found
Score Distribution
Percent of People with Each Score
Percentile by Number Answered
Your Score History
You have not taken this quiz since the last reset